| 000 | 01131cam a2200241 4500 | ||
|---|---|---|---|
| 001 | ABS66355 | ||
| 008 | 030203n2003 000 0 eng u | ||
| 035 | _a(Sirsi) u121219 | ||
| 100 | _aMacdonald, S. | ||
| 245 | _aSocial housebuilding slumps to lowest ever | ||
| 260 | _c2003 | ||
| 490 |
_aHousing Today _v(316) 16 January 2003, 15(1) |
||
| 520 | _aAnalyses the slump in building social housing to its lowest level since records began in 1949. The overall figure for social housing has fallen by almost a third since 1997. The planning system, especially the government's brownfield policy, is blamed by the House Builders Federation (HBF) for the shortfall. The HBF has also called on the government to provide funds to aid the remediation of contaminated land to boost the use of brownfield sites and to direct the funds to agencies such as English Partnerships. | ||
| 590 | _aABS | ||
| 650 | _aSOCIAL HOUSING | ||
| 650 | _aBROWNFIELD SITES | ||
| 650 | _aCONTAMINATED LANDS | ||
| 650 | _aREMEDIATION | ||
| 650 | _aREGENERATION | ||
| 650 | _aGREENFIELD SITES | ||
| 690 |
_aAffordable housing _96215 |
||
| 942 | _n0 | ||
| 999 |
_c72038 _d72038 |
||